|
|
|
|
| LEADER |
01122nam a2200325 4500 |
| 001 |
DLU140160962 |
| 005 |
##20140319 |
| 040 |
# |
# |
|a DLU
|b vie
|
| 041 |
# |
# |
|a vie
|
| 044 |
# |
# |
|a vn
|
| 082 |
# |
# |
|a 495.922 31
|b TR-M
|
| 100 |
# |
# |
|a Trịnh Mạnh.
|
| 245 |
# |
# |
|a Tiếng Việt tinh nghĩa /
|c Trịnh Mạnh.
|
| 260 |
# |
# |
|a H. :
|b Văn hoá - Thông tin,
|c 2009.
|
| 300 |
# |
# |
|a 270 tr. ;
|c 19 cm.
|
| 505 |
# |
# |
|a Chương I. Tìm hiểu nguồn gốc và nghĩa một số thành ngữ - tục ngữ -- Chương II. Tìm hiểu nguồn gốc một số câu ca dao, đồng dao -- Chương III. Tìm hiểu nguồn gốc và nghĩa một số động từ - tính từ - số từ -- Chương IV. Tìm hiểu nguồn gốc và nghĩa một số danh từ và đại từ.
|
| 650 |
# |
# |
|a Tiếng Việt
|x Ngữ nghĩa học.
|
| 650 |
# |
# |
|a Tiếng Việt
|x Thành ngữ.
|
| 923 |
# |
# |
|a 06/2013
|
| 991 |
# |
# |
|a SH
|
| 992 |
# |
# |
|a 39000
|
| 994 |
# |
# |
|a DLU
|
| 998 |
# |
# |
|a TK
|
| 900 |
# |
# |
|a True
|
| 911 |
# |
# |
|a Đào Thị Thu Huyền
|
| 925 |
# |
# |
|a G
|
| 926 |
# |
# |
|a A
|
| 927 |
# |
# |
|a SH
|
| 980 |
# |
# |
|a Thư viện Trường Đại học Đà Lạt
|